000 00937nam a2200313 c 4500
003 BLK
005 20231023123319.0
008 180410b bul|||||r ||||||| ||bul||
010 _aKNG00163412000
020 _a978-0-553-81343-2
_bиздат.: Bantam Books
040 _aBLK
041 _aENG
_cENG
072 7 _2bullib
_aН83
_xЧужда художествена литература Н
080 _aАнглийска литература
_b821.111
_x-312.4
_z821.111-312.4
100 1 _aChild, Lee
_eпърви автор
_9301225
139 _aChild, Lee
_bC 52
245 1 0 _aWithout Fail
_cLee Child.
257 _aGBR
260 London
_bBantam Books
_c2011
300 _a560 c.
_c18 см
380 _aX
659 _aН
852 _aЦб І 22834
856 4 _qpdf
_u
856 4 _qpdf
_u
942 _cKNG
_n0
_03
944 _aCR
_c22.07.2014
_k30529
_lДиана Гривева
944 _aED
_c04.09.2014
_k
999 _c156572
_d156572